000 00831nam a2200229Ia 4500
003 OSt
005 20220923225422.0
006 a|||||r|||| 00| 0
007 ta
008 220922b |||||||| |||| 00| 0 hin d
024 _a267,330
037 _cTextual
040 _aARTS
_cARTS
_bhin
041 _2hin
_ahin
082 _aR6945x6,1, 152N9
100 _aसिंह, संघसेन
_9156291
245 0 _aसुवर्णप्रभाससूत्रम्, संपा एवं अनु सत्यदेव कौशिक
246 _aSuvarṇaprabhāsasūtram, sanpā0 evan anu0 satyadev kaushika
260 _aअलीगढ़
_b पाठक प्रकाशन
_c1999
942 _hR6945x6,1, 152N9
_cTEXL
_2CC
999 _c378156
_d378156